Information technology : (Record no. 126667)

MARC details
000 -LEADER
fixed length control field 00755nam a22002417a 4500
003 - CONTROL NUMBER IDENTIFIER
control field dpl
005 - DATE AND TIME OF LATEST TRANSACTION
control field 20181129171743.0
008 - FIXED-LENGTH DATA ELEMENTS--GENERAL INFORMATION
fixed length control field 161217b xxu||||| |||| 00| 0 eng d
010 ## - LIBRARY OF CONGRESS CONTROL NUMBER
LC control number B-040976
020 ## - INTERNATIONAL STANDARD BOOK NUMBER
Terms of availability 150.00
International Standard Book Number 8187100478
035 ## - SYSTEM CONTROL NUMBER
System control number B-040976, B-019468, B-019490
037 ## - SOURCE OF ACQUISITION
Source of stock number/acquisition Cen Lib/Ret
040 ## - CATALOGING SOURCE
Original cataloging agency DPL
Language of cataloging EN
Transcribing agency tit
082 ## - DEWEY DECIMAL CLASSIFICATION NUMBER
Classification number 355.825
Item number ANA
100 ## - MAIN ENTRY--PERSONAL NAME
Personal name Anand, A.
9 (RLIN) 18125
245 ## - TITLE STATEMENT
Title Information technology :
Statement of responsibility, etc by A. Anand
Remainder of title the future warfare weapon /
260 ## - PUBLICATION, DISTRIBUTION, ETC. (IMPRINT)
Place of publication, distribution, etc New Delhi
Name of publisher, distributor, etc Ocean books
Date of publication, distribution, etc 2000
270 ## - ADDRESS
Address 4/19,Asaf Ali Road
City New Delhi
Postal code 110002
300 ## - PHYSICAL DESCRIPTION
Extent 114p.
Dimensions 21cm(Hb)
650 ## - SUBJECT ADDED ENTRY--TOPICAL TERM
Topical term or geographic name as entry element Information warfare
9 (RLIN) 18126
650 ## - SUBJECT ADDED ENTRY--TOPICAL TERM
Topical term or geographic name as entry element Armed Forces--Operational readiness
9 (RLIN) 15897
942 ## - ADDED ENTRY ELEMENTS (KOHA)
Source of classification or shelving scheme Dewey Decimal Classification
Koha item type English Books
Classification part 355.825
Call number suffix ANA
Holdings
Withdrawn status Lost status Damaged status Not for loan Home library Current library Date acquired Source of acquisition Cost, normal purchase price Total Checkouts Full call number Barcode Date last seen Copy number Cost, replacement price Price effective from Koha item type Public note Source of classification or shelving scheme Collection code
Written off       Central Library Central Library 26/06/2015 Cen Lib/Ret 150.00   355.825 ANA B-040976 26/06/2015 1 150.00 26/06/2015 English Books Written off on approval by DLB (By Circulation); dtd 15-06-2023    
        Central Library Central Library 01/11/2016   150.00   355.825 ANA B-019461 01/11/2016 2 150.00 01/11/2016 English Books   Dewey Decimal Classification  
        Kadipur Kadipur 17/07/2019 BPPD/PUB 150.00   303.4833 ANA B-019487 17/07/2019 5 150.00 17/07/2019 English Books   Dewey Decimal Classification Non-fiction
        Patel Nagar Patel Nagar 26/07/2018 BPPD/PUB 150.00   355.825 ANA B-019468 26/07/2018   150.00 26/07/2018 English Books   Dewey Decimal Classification Non-fiction
        Vigyan Vihar Vigyan Vihar 29/11/2018 BPPD/PUB 150.00   355.825 ANA B-019490 29/11/2018   150.00 29/11/2018 English Books   Dewey Decimal Classification Non-fiction

© Delhi Public Library
Hit Counter
free hit counter